=LDR 00000nam 2200000 4500 =001 INLIS000000000034860 =005 20130612140743 =008 ***********************************ind** =035 ##$$a0010-061300000034860 =041 ##$$a ind =082 ##$$a 813 =090 ##$$a 813, Set j =100 ##$$a Setiawan, J.H =245 ##$$a Jaya Joe, Rahasia kebangkitan roro jongrang, J.H Setiawan;Penyunting Imam Rusdiyanto =260 ##$$a 2008 $b Yogyakarta =300 ##$$a vi,236 hlm, 21 cm =650 ##$$a Fiksi Indonesia =700 ##$$a Risdiyanto, Imam =850 ##$$a NBPNMAT =990 ##$$a 0001/BPAP-NTB/20142014 =990 ##$$a 0001/BPAP-NTB/20142014 =990 ##$$a 0001/BPAP-NTB/20142014 =990 ##$$a 0001/BPAP-NTB/20142014 =990 ##$$a 0001/BPAP-NTB/20142014